La jaula vacía /

Guardado en:
Autor Principal: Villafuerte, Carlos
Formato: Libro
Publicado: Buenos Aires : Crespillo, 1971
Materias:
Etiquetas: Agregar Etiqueta
Sin Etiquetas, Sea el primero en etiquetar este registro!
LEADER 00723nam a22002055a 4500
001 CEM.cems006569
005 20100915115449.0
008 130507s1971##################000#0#####d
003 CEMS
082 0 4 |a A868.4 
100 1 |a Villafuerte, Carlos 
245 1 0 |a La jaula vacía /  |c Carlos Villafuerte 
260 |a Buenos Aires :  |b Crespillo,  |c 1971 
300 |a 80 p. 
505 0 |a La jaula vacía -- Una ventana al cielo -- La creciente -- La vaca negra -- Arrepentimiento -- Noche de kacharpaya -- El muerto -- Redención (cuento de navidad) 
653 |a Literatura 
653 |a Literatura argentina-siglo 20 
653 |a Cuentos 
653 |a Cuento argentino 
859 |a CEMS  |b BIB. CEMS - 11 de abril  |h A868.4  |i V711a12  |p 15185.88  |t Ej.1